000 nam a22 7a 4500
999 _c9141
_d9141
008 180123b ||||| |||| 00| 0 eng d
100 _aNCERT
_95411
245 _aMathematics XI
260 _aNew Delhi
_bNCERT
_c2007